000 00362nam a22001577a 4500
003 MPLRDC
005 20220104143549.0
008 210129b ||||| |||| 00| 0 eng d
082 _a947.411 ZZZ-2
100 _a曾正忠 绘
245 _a变化球
_c
260 _a
_b儿童图书公司
_c
300 _b
650 _a漫画
942 _cBK
_o947.411 ZZZ-2
999 _c41134
_d41124